000 00743nam a2200181Ia 4500
008 151018s9999 xx 000 0 und d
082 _bRBASDV32846
_a891.434
100 _aपुरुषोत्तम सत्यप्रेमी
245 _aदलित साहित्य:रचना और विचार
250 _b1
260 _bआतिश
_c2001
300 _a96
600 _aपुरुषोत्तम सत्यप्रेमी
630 _aदलित साहित्य:रचना और विचार
700 _aपुरुषोत्तम सत्यप्रेमी
730 _aदलित साहित्य:रचना और विचार
942 _cBOOK
999 _c1032366
_d1032363